| 000 | 005330000a22001930004500 | ||
|---|---|---|---|
| 003 | LK-CoMWRAF | ||
| 005 | 20231019150432.0 | ||
| 008 | 230817t ||||| |||| 00| 0 eng d | ||
| 040 |
_aLK-CoMWRAF _dLK-CoMWRAF _eLK-CoMWRAF |
||
| 041 | _aeng | ||
| 082 |
_a791.43 _bHOT |
||
| 100 | _aHotchner, A. E. | ||
| 245 |
_aSophia living and loving : _bHer own story |
||
| 260 |
_aU.S.A. : _bTransworld, _c1980 |
||
| 300 | _a244p | ||
| 650 | _aLoren, Sophia | ||
| 650 | _aMotion picture actors and actresses--Italy--Biography | ||
| 942 | _cBK | ||
| 999 |
_c1463 _d1463 |
||